000 00218nam a2200109Ia 4500
100 _aDR.JOYCE BROTHERS.
942 _cBK
245 _aHOW TO GET WHATEVER YOU WANT
260 _b#N/A
546 _aENGLISH
999 _c30703
_d30703